Determinanty zadlženosti domácností – zistenia na základe nových dostupných slovenských mikro-dát

Predstavenie údajov zo zisťovania o financiách a spotrebe domácností a údajov o úveroch fyzickým osobám a ich použitím odhadovanie hlavných determinantov zadlženosti slovenských domácností. Ukazuje sa, že významné úlohy pri zadlžení sa aj pre intenzitu zadlženia zohrávajú mnohé finančné, ako aj soci...

Descripción completa

Guardado en:
Detalles Bibliográficos
Autor principal: Cesnak, Martin, 1994-
Otros Autores: Cupak, Andrej, 1988-, Klacso, Ján
Formato: Capítulo de libro
Lenguaje:eslovaco
Materias:
Etiquetas: Agregar Etiqueta
Sin Etiquetas, Sea el primero en etiquetar este registro!

MARC

LEADER 00000naa a2200000 4500
001 0311722
005 20250729105308.9
041 0 |a slo 
044 |a SK 
245 1 0 |a Determinanty zadlženosti domácností – zistenia na základe nových dostupných slovenských mikro-dát  |c Martin Cesnak, Andrej Cupak, Ján Klacso 
520 |a Predstavenie údajov zo zisťovania o financiách a spotrebe domácností a údajov o úveroch fyzickým osobám a ich použitím odhadovanie hlavných determinantov zadlženosti slovenských domácností. Ukazuje sa, že významné úlohy pri zadlžení sa aj pre intenzitu zadlženia zohrávajú mnohé finančné, ako aj sociodemografické parametre, akým je výška príjmu, vzdelanie, alebo forma ekonomickej aktivity. 
610 2 0 |a zadlženosť 
610 2 0 |a zadlženosť vnútorná 
610 2 0 |a domácnosti 
610 2 0 |a dáta 
610 2 0 |a registre 
610 2 0 |a úver 
610 2 0 |a osoby fyzické 
100 1 |a Cesnak, Martin, 1994- 
700 1 |a Cupak, Andrej, 1988- 
700 1 |a Klacso, Ján